000 00956nam a2200205Ia 4500
003 GCL
008 140319s9999 xx 000 0 ara d
040 _aGCL /
_cGCL
082 0 4 _a928.1
_bس ا
100 1 _aابن سعيد المغربى : نور الدين ابو الحسن على بن محمد بن سعيد بن عبدالملك الاندلسى
245 1 0 _aاختصار القدح المعلى فى التاريخ المحلى /
_cابن سعيد المغربى : نور الدين ابو الحسن على بن محمد بن سعيد بن عبدالملك الاندلسى
700 1 _aابراهيم الابيارى
260 _aالقاهرة :
_bالهيئة العامة لشئون المطابع الاميرية ،
_c1959
300 _a250 ص ؛
_c28 سم
650 0 4 _aالشعر العربى
650 0 4 _aالشعراء العرب
650 0 4 _aالشعر
650 0 4 _aشعراء العرب - تراجم
942 _2ddc
_cREF
999 _c59658
_d59658